000 00365 a2200145 4500
001 61718
020 _a9783939670322
040 _cAnchieta - Pituba
240 1 0 _aDeutsche literatur der gegenwart
_lpor
245 1 0 _aDeutsche literatur der gegenwart
300 _a58
362 0 _a2010
650 4 _aLínguas germânicas (teutônicas) língua alemã
942 _cBK
999 _c61718
_d61718